| 000 | 01295nam a22002177a 4500 | ||
|---|---|---|---|
| 008 | 100627s2000 jo|||||r|||| 100 0 ara d | ||
| 082 |
_222 _bع ر ب _a330.956 |
||
| 245 |
_aالعرب وتحديات القرن الحادي والعشرين / _cفهمي جدعان [وآخ ...] ؛ تقديم السيد ياسين ؛ تحرير غسان إسماعيل عبد الخالق |
||
| 260 |
_aعمان، الأردن : _bمؤسسة عبد الحميد شومان ، 2000 _c2000 |
||
| 300 | _a591 ص ؛ | ||
| 490 |
_915239 _a ؛حوارات في الفكر العربي المعاصر _v1 |
||
| 541 |
_aالمؤسسة العربية للدراسات ؛ _cشراء ؛ |
||
| 651 |
_913700 _aالعالم العربي _xالأحوال السياسية |
||
| 651 |
_915242 _aالعالم العربي _xالأحوال الثقافية |
||
| 651 |
_915246 _aالعالم العربي _xالأحوال الاقتصادية |
||
| 700 |
_915244 _aجدعان، فهمي |
||
| 700 |
_98302 _a ؛ياسين , السيد _eتقديم |
||
| 700 |
_915245 _aعبد الخالق، غسان إسماعيل _eتحلرير |
||
| 942 |
_2ddc _cBB |
||
| 999 |
_c14224 _d14224 |
||